| 000 | 00814 a2200205 4500 | ||
|---|---|---|---|
| 005 | 20080826143935.0 | ||
| 008 | 080826t xxu||||| |||| 00| 0 eng d | ||
| 010 | _aENG-87201 | ||
| 020 |
_a978818450042 _c1150.00 |
||
| 035 | _aEN-70734 | ||
| 037 | _bDBAD / PUB | ||
| 082 | _a332.10285 | ||
| 245 |
_aE-banking and development of banks _cedited by S.B. Verma, S.K. Gupta and M.K. Sharma |
||
| 260 |
_aNew Delhi _bDeep & Deep Publications _cc2007 |
||
| 270 |
_aF-159, Rajouri Garden _bNew Delhi _e110 027 |
||
| 300 |
_axii, 391 p. _c21 cm ( Hb.) |
||
| 500 | _aincludes index | ||
| 942 |
_adpl _cEN _k332.10285 / EBA _2ddc _h332.10285 _mEBA |
||
| 999 |
_c6236 _d6236 |
||